00617cam a2200193 4500001000500000005001700005010001700022100002600039245013400065264004400199300002200243336002600265337002800291338002700319500001100346650002100357650002600378700001900404605920181127180811.0 a 20164115901 aLowenthal, Abraham F.10aFrom authoritarian rule toward democratic governance :blearning from political leaders /cAbraham F. Lowenthal and Sergio Bitar. 1aStockholm :bInternational IDEA,c2015. a71 pages ;c23 cm atextbtxt2rdacontent aunmediatedbn2rdamedia avolumebnc2rdacarrier aEssay. 0aDemocratization. 0aPolitical leadership.1 aBitar, Sergio.